Name All Minecraft Ores - Statistics

General Stats
  • This quiz has been taken 97 times
    92 since last reset
  • The average score is 8 of 11
Answer Stats
Answer % Correct
Diamond
97%
Gold
97%
Iron
95%
Coal
85%
Emerald
81%
Copper
79%
Redstone
79%
Lapis Lazuli
72%
Ancient Debris
49%
Nether Gold
36%
Nether Quartz
35%
No matching quizzes found
Score Distribution
Percent of People with Each Score
Percentile by Number Answered
Your Score History
You have not taken this quiz since the last reset